|
|
|
|
| LEADER |
00784nab a2200229 i 4500 |
| 001 |
publ27980 |
| 005 |
20230727154039.0 |
| 008 |
230727s2015 hu o 0|| Angol d |
| 022 |
|
|
|a 1432-881X
|
| 024 |
7 |
|
|a 10.1007/s00214-015-1745-0
|2 doi
|
| 024 |
7 |
|
|a 2965951
|2 mtmt
|
| 040 |
|
|
|a SZTE Publicatio Repozitórium
|b hun
|
| 041 |
|
|
|a Angol
|
| 100 |
1 |
|
|a Halász Gábor
|
| 245 |
1 |
0 |
|a Photodissociation dynamics of the D2+ ion initiated by several different laser pulses
|h [elektronikus dokumentum] /
|c Halász Gábor
|
| 260 |
|
|
|c 2015
|
| 300 |
|
|
|a 9
|
| 490 |
0 |
|
|a THEORETICAL CHEMISTRY ACCOUNTS
|v 134 No. 11
|
| 650 |
|
4 |
|a Fizikai tudományok
|
| 700 |
0 |
1 |
|a Csehi András
|e aut
|
| 700 |
0 |
1 |
|a Vibók Ágnes
|e aut
|
| 856 |
4 |
0 |
|u http://publicatio.bibl.u-szeged.hu/27980/1/2965951.pdf
|z Dokumentum-elérés
|